000 005380000a22001930004500
041 0 _aEspañol
090 _aMM
_b00037
245 1 0 _aDragones de Komodo
300 _a55 min.
_bVHS
650 1 4 _aFauna
_992594
650 1 4 _aReptiles
_992767
650 1 4 _aLagartos
_993071
650 1 4 _aComportamiento animal
_94688
651 4 _lArchipiélago de Malaka- Isla Komodo
_pIndonesia
_992749
041 0 _aEspañol
110 1 _aDiscovery Communications Inc.
_9100853
260 _as.l.
_bDiscovery Communications Inc.
_c1996
942 _cCD-ROM
999 _c16483
_d16483